Statistiche per Riconosci la Provincia - Quiz n°14

Clicka qui per fare il quiz!

Statistiche generali

  • Questo quiz è stato fatto 6 volte
  • Il punteggio medio è 8 su 9

Statistiche sulle risposte

IndizioRisposta% Corretto
Prefisso / Prefissi0521, 0524, 0525
100%
Superficie3 447,48 km²
100%
Numero province confinanti7
100%
PresidenteAndrea Massari (PD)
100%
PIL (nominale)12 084 mln di euro
80%
Numero comuni44
80%
Coordinate
del capoluogo
44°47′42.2″N 10°19′52.3″E
80%
Popolazione453 518 ab.
80%
ProvinciaParma
60%

Distribuzione punteggi

Percentile per numero di risposta

Percentuale di utenti per punteggio

I tuoi punteggi nel tempo

Non hai fatto questo quiz